000 00551nam a2200181Ia 4500
999 _c23108
_d23108
003 OSt
005 20200512093437.0
008 190216s9999||||xx |||||||||||||| ||und||
020 _a9789675062827
040 _coclc
082 _a297
_bALM/A
100 _aAl-Musleh, Mohamed Abu Bakr A
_92195
245 4 _aAl - Ghazali The Islamic Reformer /
_cMohamed Abu Bakr A Al-Musleh
260 _bIslamic Book Trust,
_c2012.
_aKuala Lumpur:
300 _a308p
650 _aIslamic History
942 _cBK
_2ddc
_h297
_iALM/A
_k297
_mALM/A